La formación del sociólogo dentro de una sociedad en crisis /
Guardat en:
| Autor principal: | |
|---|---|
| Format: | Text |
| Idioma: | Spanish |
| Publicat: |
San José :
|
| Etiquetes: |
Afegir etiqueta
Sense etiquetes, Sigues el primer a etiquetar aquest registre!
|
MARC
| LEADER | 00000 a a2200000 04500 | ||
|---|---|---|---|
| 001 | 17723 | ||
| 003 | cru CIDCACS/IIS | ||
| 005 | 20170518091256.0 | ||
| 008 | 170518b xxu||||| |||| 00| 0 spa d | ||
| 040 | |c CIDCACS/IIS | ||
| 090 | |a SO05.01.01 V434d | ||
| 100 | |a Velásquez de Rojas, Nancy | ||
| 245 | |a La formación del sociólogo dentro de una sociedad en crisis / |c Nancy Velásquez de Rojas | ||
| 260 | |a San José : | ||
| 300 | |a 21 páginas | ||
| 942 | |2 ddc |c LI | ||
| 999 | |c 14051 |d 14051 | ||
